Общая металлургия: электронный курс
| Hlavní autor: | |
|---|---|
| Korporativní autor: | |
| Shrnutí: | Заглавие с экрана В курсе «Общая металлургия» рассматриваются основы металлургии чугуна и производство стали. Особое внимание уделяется рассмотрению процессов, протекающих во время доменной плавки. Знания, полученные в курсе, помогут при прохождении практики и работе на предприятиях металлургической промышленности. Доступ по логину и паролю |
| Jazyk: | ruština |
| Vydáno: |
Томск, TPU Moodle, 2016
|
| Témata: | |
| On-line přístup: | https://design.lms.tpu.ru/course/view.php?id=377 |
| Médium: | MixedMaterials Elektronický zdroj Kniha |
| KOHA link: | https://koha.lib.tpu.ru/cgi-bin/koha/opac-detail.pl?biblionumber=667078 |
MARC
| LEADER | 00000nlm0a2200000 4500 | ||
|---|---|---|---|
| 001 | 667078 | ||
| 005 | 20231218160020.0 | ||
| 035 | |a (RuTPU)RU\TPU\network\38282 | ||
| 035 | |a RU\TPU\network\37000 | ||
| 090 | |a 667078 | ||
| 100 | |a 20220221d2016 m y0rusy50 ca | ||
| 101 | 0 | |a rus | |
| 102 | |a RU | ||
| 105 | |a a j 000zy | ||
| 135 | |a jrcn ---uucaa | ||
| 181 | 0 | |a i | |
| 182 | 0 | |a b | |
| 200 | 1 | |a Общая металлургия |e электронный курс |f Е. А. Даренская |g Национальный исследовательский Томский политехнический университет, Институт физики высоких технологий, Кафедра материаловедения в машиностроении | |
| 203 | |a Текст |c электронный | ||
| 210 | |a Томск |c TPU Moodle |d 2016 | ||
| 300 | |a Заглавие с экрана | ||
| 330 | |a В курсе «Общая металлургия» рассматриваются основы металлургии чугуна и производство стали. Особое внимание уделяется рассмотрению процессов, протекающих во время доменной плавки. Знания, полученные в курсе, помогут при прохождении практики и работе на предприятиях металлургической промышленности. | ||
| 333 | |a Доступ по логину и паролю | ||
| 606 | 1 | |a Металлургия общая |2 stltpush |3 (RuTPU)RU\TPU\subj\43016 |9 62604 | |
| 610 | 1 | |a электронный ресурс | |
| 610 | 1 | |a труды учёных ТПУ | |
| 610 | 1 | |a электронное обучение | |
| 610 | 1 | |a электронные курсы ТПУ | |
| 610 | 1 | |a электронные учебные пособия | |
| 610 | 1 | |a учебные пособия | |
| 610 | 1 | |a дистанционное образование | |
| 610 | 1 | |a дистанционное обучение | |
| 610 | 1 | |a e-learning | |
| 610 | 1 | |a Moodle | |
| 610 | 1 | |a металлы | |
| 610 | 1 | |a железо | |
| 610 | 1 | |a чугун | |
| 610 | 1 | |a сталь | |
| 610 | 1 | |a литье | |
| 675 | |a 669(075.8) |v 4 | ||
| 700 | 1 | |a Даренская |b Е. А. |c специалист в области материаловедения |c доцент Томского политехнического университета, кандидат технических наук |f 1982- |g Елена Анатольевна |3 (RuTPU)RU\TPU\pers\29011 |9 13731 | |
| 712 | 0 | 2 | |a Национальный исследовательский Томский политехнический университет |b Институт физики высоких технологий |b Кафедра материаловедения в машиностроении |3 (RuTPU)RU\TPU\col\18688 |
| 801 | 2 | |a RU |b 63413507 |c 20220727 |g RCR | |
| 856 | 4 | |u https://design.lms.tpu.ru/course/view.php?id=377 | |
| 942 | |c CF | ||